[Event "BL 8687 Lasker-Regensburg"]
[Site "?"]
[Date "1987.??.??"]
[Round "?.3"]
[White "Speckner, R."]
[Black "Paulsen, D."]
[Result "1/2-1/2"]
[WhiteElo "2205"]
[BlackElo "2345"]
[PlyCount "82"]
[EventDate "1987.??.??"]

1. e4 d6 2. d4 Nf6 3. Nc3 g6 4. Bg5 h6 5. Bf4 Bg7 6. Qd2 g5 7. Be3 Ng4 8. O-O-O
c6 9. Nf3 Qa5 10. Kb1 b5 11. b3 Nd7 12. h4 Nc5 13. Nxb5 Qxd2 14. Nxd2 Ne6 15.
d5 Nxe3 16. fxe3 cxb5 17. Bxb5+ Bd7 18. Bxd7+ Kxd7 19. dxe6+ fxe6 20. Rdf1 g4
21. h5 Rac8 22. c4 Be5 23. Kc2 a5 24. Kd3 Rb8 25. Rc1 a4 26. c5 d5 27. exd5
exd5 28. e4 e6 29. exd5 exd5 30. Rhe1 Bb2 31. Rc2 a3 32. Nb1 Rb4 33. Nc3 Rc8
34. Re7+ Kd8 35. Rce2 Rxc5 36. Re8+ Kd7 37. R2e7+ Kd6 38. Re6+ Kd7 39. R6e7+
Kd6 40. Re6+ Kd7 41. R6e7+ Kd6 1/2-1/2

[Event "BL 8687 Wdh. Heidelberg-München 36"]
[Site "?"]
[Date "1987.??.??"]
[Round "?.1"]
[White "Smejkal, J."]
[Black "Steinbacher, M."]
[Result "1-0"]
[WhiteElo "2540"]
[BlackElo "2280"]
[PlyCount "53"]
[EventDate "1987.??.??"]

1. c4 e6 2. Nf3 f5 3. g3 Nf6 4. Bg2 Be7 5. O-O O-O 6. d4 c6 7. b3 d5 8. Bb2 Bd7
9. Qc2 Be8 10. Ne5 Nbd7 11. cxd5 cxd5 12. Rc1 Nxe5 13. dxe5 Ne4 14. Nd2 Nxf2
15. Kxf2 Qb6+ 16. Kf1 f4 17. Nf3 fxg3 18. hxg3 Bb5 19. Qd2 Bc5 20. Rxc5 Qxc5
21. a4 Ba6 22. Ba3 Qb6 23. Bxf8 Rxf8 24. b4 Bc4 25. a5 Qb5 26. Kg1 Qe8 27. Nd4
1-0

[Event "BL 8687 Wdh. Heidelberg-München 36"]
[Site "?"]
[Date "1987.??.??"]
[Round "?.6"]
[White "Zuse, P."]
[Black "Pichler, J."]
[Result "1-0"]
[WhiteElo "2335"]
[BlackElo "2325"]
[PlyCount "71"]
[EventDate "1987.??.??"]

1. e4 c5 2. Nf3 e6 3. d4 cxd4 4. Nxd4 Nf6 5. Nc3 Nc6 6. Ndb5 d6 7. Bf4 e5 8.
Bg5 a6 9. Na3 b5 10. Nd5 Be7 11. Bxf6 Bxf6 12. c3 Rb8 13. Nc2 O-O 14. Be2 Bg5
15. O-O a5 16. Qd3 Ne7 17. Rfd1 Nxd5 18. Qxd5 Bb7 19. Qd3 Qb6 20. Na3 Bc6 21.
Qxd6 f5 22. Qxe5 fxe4 23. Qd4 Qc7 24. Bxb5 Bxb5 25. Qd5+ Kh8 26. Qxg5 Bd3 27.
Rd2 Rf6 28. c4 Rbf8 29. b3 Rg6 30. Qe3 Rf3 31. Qd4 Rh3 32. g3 Rgh6 33. f4 exf3
34. Rxd3 Rxg3+ 35. Kf1 Rg1+ 36. Qxg1 1-0

[Event "BL 8687 Wdh. Heidelberg-München 36"]
[Site "?"]
[Date "1987.??.??"]
[Round "?.8"]
[White "Krieger, H."]
[Black "Koepf, U."]
[Result "0-1"]
[WhiteElo "2210"]
[BlackElo "2210"]
[PlyCount "100"]
[EventDate "1987.??.??"]

1. e4 Nf6 2. e5 Nd5 3. d4 d6 4. Nf3 Bg4 5. Be2 c6 6. c4 Nb6 7. Nbd2 N8d7 8. O-O
Bxf3 9. Nxf3 dxe5 10. dxe5 e6 11. b3 Qc7 12. Bb2 h6 13. Qc2 O-O-O 14. a4 Kb8
15. Bc3 Nc8 16. Rfe1 a5 17. Bf1 Qb6 18. Re3 Nc5 19. b4 axb4 20. a5 b3 21. Qb2
Qc7 22. Nd2 Rd7 23. Nxb3 Nxb3 24. Qxb3 Bc5 25. Re2 Rhd8 26. g3 h5 27. Rb2 h4
28. Qa4 hxg3 29. hxg3 Rd3 30. Bxd3 Rxd3 31. Qc2 Rxg3+ 32. Kf1 Rf3 33. Qc1 Qd8
34. Rab1 Ka8 35. Re2 Qd3 36. Be1 Rh3 37. Qc3 Qxc3 38. Bxc3 Rh1+ 39. Kg2 Rxb1
40. Rd2 Rb3 41. Rc2 Bb4 42. Bd4 c5 43. Be3 Rc3 44. Ra2 Rxc4 45. Ra1 Ne7 46. Kf3
Nf5 47. Bg5 Nd4+ 48. Kg3 Nc6 49. a6 b5 50. Rd1 Rd4 0-1

[Event "BL 8687 12pl HSG-Heidelberg"]
[Site "?"]
[Date "1987.??.??"]
[Round "?.1"]
[White "Steinbacher, M."]
[Black "Heyken, E."]
[Result "1/2-1/2"]
[WhiteElo "2280"]
[BlackElo "2355"]
[PlyCount "37"]
[EventDate "1987.??.??"]

1. d4 Nf6 2. Nf3 d5 3. c4 e6 4. g3 Bb4+ 5. Nc3 c5 6. Bg2 O-O 7. O-O dxc4 8.
dxc5 Bd7 9. Bg5 Bc6 10. Rc1 Nbd7 11. Nd2 Bxg2 12. Kxg2 Nxc5 13. Nxc4 Bxc3 14.
Qxd8 Rfxd8 15. Rxc3 Nce4 16. Bxf6 Nxf6 17. Rfc1 Nd5 18. Rb3 b6 19. Ne5 1/2-1/2

[Event "BL 8687 12pl HSG-Heidelberg"]
[Site "?"]
[Date "1987.??.??"]
[Round "?.3"]
[White "Mack, P."]
[Black "Breyther, R."]
[Result "1/2-1/2"]
[WhiteElo "2280"]
[BlackElo "2335"]
[PlyCount "179"]
[EventDate "1987.??.??"]

1. c4 Nf6 2. Nf3 e6 3. g3 b6 4. Bg2 Bb7 5. O-O Be7 6. d4 d5 7. cxd5 exd5 8. Nc3
O-O 9. Bf4 Na6 10. Rc1 Re8 11. a3 Nh5 12. Be3 c6 13. b4 Nc7 14. Qb3 Bd6 15.
Rfe1 h6 16. Bd2 Nf6 17. Nh4 Ne4 18. Nxe4 dxe4 19. Qc2 Nb5 20. Bxe4 Nxd4 21. Qd3
Be7 22. Bc3 Bxh4 23. Bxd4 Bg5 24. f4 Bf6 25. Red1 Bxd4+ 26. Qxd4 Qe7 27. Bf3
Rad8 28. Qc3 Rxd1+ 29. Rxd1 c5 30. Bxb7 Qxb7 31. bxc5 bxc5 32. Kf2 Qb5 33. e3
c4 34. Rd4 Rc8 35. e4 Qb1 36. Kg2 h5 37. e5 Rb8 38. Rd2 Qe4+ 39. Qf3 Qf5 40.
Qc3 Qe4+ 41. Qf3 Qf5 42. Qc3 Rc8 43. Rd4 Qg4 44. Kf2 Qe6 45. Ke3 Qb6 46. Kf3
Qc6+ 47. Kf2 Qb6 48. Kg2 Qb1 49. Rd2 Qf5 50. Rd4 Qb1 51. Rd2 a6 52. a4 Qg6 53.
a5 h4 54. Qf3 c3 55. f5 h3+ 56. Kf2 Qg5 57. Rc2 Rb8 58. Ke2 Rb5 59. Qf4 Qe7 60.
Rxc3 Qxe5+ 61. Qxe5 Rxe5+ 62. Kf3 Rxf5+ 63. Kg4 Rxa5 64. Kxh3 Ra2 65. g4 a5 66.
Kg3 a4 67. Rc8+ Kh7 68. Ra8 a3 69. h4 Ra1 70. Kg2 Kg6 71. Ra6+ f6 72. Ra5 a2
73. Kh2 Kf7 74. h5 Ke6 75. Kg2 Kd6 76. Kh2 Kc6 77. Kg2 Kb6 78. Ra8 Kc5 79. Kh2
Kd4 80. Ra4+ Kd3 81. Kg2 Ke3 82. Ra3+ Kf4 83. Ra4+ Kg5 84. Kh2 Kh4 85. Kg2 Kg5
86. Kh2 Rc1 87. Rxa2 Kxg4 88. Rg2+ Kxh5 89. Rxg7 f5 90. Kh3 1/2-1/2

[Event "BL 8687 12pl HSG-Heidelberg"]
[Site "?"]
[Date "1987.??.??"]
[Round "?.4"]
[White "Dankert, P."]
[Black "Neunhoeffer, H."]
[Result "0-1"]
[WhiteElo "2285"]
[BlackElo "2235"]
[PlyCount "72"]
[EventDate "1987.??.??"]

1. d4 Nf6 2. Nf3 e6 3. Bg5 c5 4. e3 Qb6 5. Nbd2 Qxb2 6. Bxf6 gxf6 7. Bd3 Qc3 8.
O-O d5 9. dxc5 f5 10. Nd4 Nd7 11. N2b3 Nxc5 12. Bb5+ Bd7 13. Qh5 Bxb5 14. Nxb5
Qe5 15. N3d4 Rg8 16. f4 Qxe3+ 17. Kh1 Qd2 18. g3 Qa5 19. Rfe1 Rg6 20. Re3 a6
21. Nc3 Bg7 22. Rd1 Kf8 23. Qf3 Ne4 24. Nce2 Rc8 25. Kg2 Rc4 26. Ra3 Qc5 27.
Rad3 b5 28. Nxf5 exf5 29. Rxd5 Qc6 30. Rd8+ Ke7 31. R8d7+ Qxd7 32. Rxd7+ Kxd7
33. Qd3+ Rd6 34. Qe3 Rxc2 35. Kf3 Rcd2 36. Kg2 Rxe2+ 0-1

[Event "BL 8687 12pl HSG-Heidelberg"]
[Site "?"]
[Date "1987.??.??"]
[Round "?.7"]
[White "Zuse, P."]
[Black "Muender, M."]
[Result "1/2-1/2"]
[WhiteElo "2335"]
[BlackElo "2280"]
[PlyCount "52"]
[EventDate "1987.??.??"]

1. e4 e5 2. f4 Bc5 3. Nf3 d6 4. Bc4 Nf6 5. Nc3 O-O 6. d3 a6 7. Qe2 Nc6 8. Bb3
Bg4 9. f5 Nd4 10. Qf1 Bxf3 11. gxf3 Nh5 12. Ne2 Qh4+ 13. Kd1 Nxe2 14. Qxe2 c6
15. c3 Rfd8 16. Kc2 b5 17. Bd2 Nf4 18. Bxf4 Qxf4 19. Rhe1 a5 20. a3 Kf8 21. Qg2
d5 22. Qg3 a4 23. Ba2 Qxg3 24. hxg3 Bf2 25. Rh1 h6 26. g4 Be3 1/2-1/2

[Event "BL 8788 Bamberg-Porz"]
[Site "?"]
[Date "1987.??.??"]
[Round "?.3"]
[White "Fleck, J."]
[Black "Hartmann, G."]
[Result "1/2-1/2"]
[WhiteElo "2385"]
[BlackElo "2330"]
[PlyCount "86"]
[EventDate "1987.??.??"]

1. e4 Nf6 2. e5 Nd5 3. d4 d6 4. Nf3 g6 5. Bc4 Nb6 6. Bb3 Bg7 7. Qe2 O-O 8. h3
Nc6 9. O-O Bf5 10. a4 dxe5 11. dxe5 Nd7 12. e6 Bxe6 13. Bxe6 fxe6 14. Qxe6+ Kh8
15. Nbd2 Nc5 16. Qc4 Qd6 17. Ne4 Nxe4 18. Qxe4 Rf5 19. Ra3 Qd5 20. Re1 Qxe4 21.
Rxe4 Rd8 22. Rae3 Nd4 23. Rxe7 Nxc2 24. Re8+ Rf8 25. Rxd8 Rxd8 26. Re2 Rd1+ 27.
Kh2 Rxc1 28. Re8+ Bf8 29. Rxf8+ Kg7 30. Rd8 Nb4 31. Rd7+ Kf6 32. Rxh7 Nd3 33.
b3 Nxf2 34. Nd4 a6 35. Kg3 Ne4+ 36. Kf4 Nc5 37. h4 Rd1 38. Nf3 Rd3 39. Ng5 Rd4+
40. Ke3 Rd3+ 41. Kf4 Rd4+ 42. Ke3 Rd3+ 43. Kf4 Rd4+ 1/2-1/2

[Event "BL 8788 Bamberg-Porz"]
[Site "?"]
[Date "1987.??.??"]
[Round "?.4"]
[White "Kurz, A."]
[Black "Schulz, K."]
[Result "1/2-1/2"]
[WhiteElo "2305"]
[BlackElo "2405"]
[PlyCount "101"]
[EventDate "1987.??.??"]

1. d4 Nf6 2. c4 d6 3. Nc3 Nbd7 4. e4 e5 5. Nf3 Be7 6. Be2 c6 7. O-O O-O 8. Be3
a6 9. d5 c5 10. a3 Nh5 11. Qd2 g6 12. Bh6 Ng7 13. b4 b6 14. Rab1 Nf6 15. h3 Kh8
16. Rfd1 Ng8 17. bxc5 bxc5 18. Nxe5 dxe5 19. d6 Nxh6 20. dxe7 Qxe7 21. Qxh6 Be6
22. Nd5 Bxd5 23. cxd5 Qd6 24. Rb7 Rab8 25. Rdb1 Rxb7 26. Rxb7 Kg8 27. Qe3 Rc8
28. Ra7 c4 29. Bg4 Rb8 30. Rd7 Qf8 31. Qa7 c3 32. Rc7 h5 33. Be2 Rb3 34. Qxa6
Rxa3 35. Qb7 Ne8 36. Rc8 Kg7 37. Qc6 Ra1+ 38. Kh2 c2 39. Qxc2 Qe7 40. Qb2 Re1
41. Rc1 Rxc1 42. Qxc1 Qb4 43. Qe3 Nd6 44. Bd3 Qc3 45. g3 Qb2 46. Kg2 Qc3 47.
Kf3 Kf6 48. Kg2 Kg7 49. f4 Qb2+ 50. Qf2 Qc3 51. Qe2 1/2-1/2

[Event "BL 8788 Bamberg-Porz"]
[Site "?"]
[Date "1987.??.??"]
[Round "?.5"]
[White "Heinbuch, D."]
[Black "Kestler, H."]
[Result "1/2-1/2"]
[WhiteElo "2380"]
[BlackElo "2385"]
[PlyCount "44"]
[EventDate "1987.??.??"]

1. d4 Nf6 2. c4 d6 3. Nf3 g6 4. g3 Bg7 5. Bg2 O-O 6. O-O Nbd7 7. Nc3 e5 8. b3
Re8 9. Qc2 c6 10. Rd1 Qc7 11. e3 exd4 12. Nxd4 a6 13. h3 Nc5 14. Bb2 Bd7 15.
Rd2 Rad8 16. Rad1 a5 17. a3 Qb6 18. Ba1 Bc8 19. Rb1 Qc7 20. Re1 Qb6 21. Rb1 Qc7
22. Re1 Qb6 1/2-1/2

[Event "BL 8788 Bamberg-Porz"]
[Site "?"]
[Date "1987.??.??"]
[Round "?.6"]
[White "Niedermaier, H."]
[Black "Gerusel, M."]
[Result "1/2-1/2"]
[WhiteElo "2230"]
[BlackElo "2380"]
[PlyCount "110"]
[EventDate "1987.??.??"]

1. e4 c5 2. Nf3 e6 3. d4 cxd4 4. Nxd4 a6 5. c4 Nf6 6. Nc3 Bb4 7. Bd3 Nc6 8. Nf3
d5 9. O-O dxc4 10. Bxc4 Qxd1 11. Rxd1 Bxc3 12. bxc3 Nxe4 13. Re1 Nd6 14. Bd5
Bd7 15. Rb1 O-O-O 16. Bb3 h6 17. Be3 Nb5 18. Bb6 Nc7 19. Rbd1 Be8 20. Rc1 Rd3
21. Bd4 Nxd4 22. cxd4 Kb8 23. h3 Nb5 24. d5 exd5 25. Ne5 Rc3 26. Bxd5 f6 27.
Rxc3 Nxc3 28. Nf7 Bxf7 29. Bxf7 Rc8 30. Kh2 Rc7 31. Bg8 Rd7 32. Re3 Nd1 33. Re1
b5 34. Kg3 Ka7 35. Kh4 g6 36. g4 Rd3 37. Bb3 g5+ 38. Kh5 Rxh3+ 39. Kg6 Nc3 40.
Re3 Rxe3 41. fxe3 Ne4 42. Kxh6 Nf2 43. Be6 Nd1 44. e4 Nf2 45. Bf5 a5 46. Kg6 b4
47. Kxf6 a4 48. e5 b3 49. a3 b2 50. e6 Nxg4+ 51. Kg6 Ne5+ 52. Kf6 Nc6 53. Kxg5
Nd4 54. e7 Nxf5 55. e8=Q b1=Q 1/2-1/2

[Event "BL 8788 Bamberg-Porz"]
[Site "?"]
[Date "1987.??.??"]
[Round "?.7"]
[White "Schmidt, B."]
[Black "Seppeur, R."]
[Result "1-0"]
[WhiteElo "2325"]
[BlackElo "2270"]
[PlyCount "87"]
[EventDate "1987.??.??"]

1. Nf3 g6 2. d4 Bg7 3. g3 b6 4. Bg2 Bb7 5. O-O e6 6. c4 Ne7 7. Nc3 d6 8. e4 O-O
9. Be3 h6 10. Qd2 Kh7 11. h3 Nd7 12. Rad1 a6 13. Nh2 Rb8 14. b4 Qe8 15. f4 f5
16. e5 Bxg2 17. Qxg2 Qf7 18. a4 Rfd8 19. Nf3 d5 20. cxd5 exd5 21. b5 Ra8 22.
Qc2 c6 23. bxc6 Nxc6 24. Qb3 Na5 25. Qa2 Nc4 26. Bc1 Rac8 27. Ne2 Nf8 28. g4
Ne6 29. Nh4 Bh8 30. Ng3 Ng7 31. Qb1 Rf8 32. Qd3 Qe7 33. gxf5 Qxh4 34. fxg6+ Kg8
35. f5 Nh5 36. Nxh5 Qxh5 37. f6 Rc6 38. Rf5 Qh4 39. Rf4 Qh5 40. Rdf1 b5 41.
axb5 axb5 42. Qg3 Nxe5 43. dxe5 Qxe5 44. g7 1-0

[Event "BL 8788 Bamberg-Porz"]
[Site "?"]
[Date "1987.??.??"]
[Round "?.8"]
[White "Jahr, U."]
[Black "Dresen, U."]
[Result "0-1"]
[WhiteElo "2240"]
[BlackElo "2270"]
[PlyCount "85"]
[EventDate "1987.??.??"]

1. e4 g6 2. d4 Bg7 3. Nc3 c6 4. Bc4 d6 5. Qf3 e6 6. Nge2 Nd7 7. a4 Ngf6 8. Bb3
O-O 9. Bg5 Qa5 10. Bd2 Qc7 11. g4 e5 12. g5 Nh5 13. Be3 Kh8 14. O-O-O f5 15.
exf5 Rxf5 16. Qg4 Rf8 17. Qh4 d5 18. Rhf1 exd4 19. Bxd4 Bxd4 20. Qxd4+ Qe5 21.
f4 Qxd4 22. Nxd4 Nc5 23. Nce2 Bh3 24. Rf3 Bg4 25. Rff1 Rae8 26. Rde1 Nxb3+ 27.
cxb3 c5 28. Nf3 Re3 29. Nfg1 Rfe8 30. Kd2 Rxb3 31. Nc3 Rxe1 32. Rxe1 Nxf4 33.
Re8+ Kg7 34. Kc2 Rb4 35. Re7+ Kf8 36. Rxh7 Bf5+ 37. Kc1 Nd3+ 38. Kd1 Rxb2 39.
h3 d4 40. Nce2 Nf2+ 41. Ke1 d3 42. Nc3 d2+ 43. Kf1 0-1

[Event "BL 8788 Erlangen-Wattenscheid"]
[Site "?"]
[Date "1987.??.??"]
[Round "?.3"]
[White "Buchenthal, D."]
[Black "Ramos, D."]
[Result "0-1"]
[WhiteElo "2280"]
[BlackElo "2310"]
[PlyCount "99"]
[EventDate "1987.??.??"]

1. e4 c5 2. Nf3 d6 3. d4 cxd4 4. Nxd4 Nf6 5. Nc3 a6 6. Bd3 Qb6 7. h3 Nbd7 8.
Nde2 e6 9. a3 Qc7 10. g4 h6 11. Ng3 b5 12. Qe2 Bb7 13. Bf4 Ne5 14. Nh5 Nxh5 15.
gxh5 Be7 16. Rg1 Bf6 17. Rd1 Rd8 18. a4 Nxd3+ 19. Rxd3 bxa4 20. Qd2 Ke7 21. Rg4
Bc6 22. Bg3 Rd7 23. Nxa4 Bxa4 24. e5 Qxc2 25. exf6+ gxf6 26. Bxd6+ Rxd6 27.
Rxd6 Qb1+ 28. Ke2 Bb5+ 29. Ke3 Qf5 30. Rdd4 Qe5+ 31. Rge4 Qg5+ 32. Kf3 Qxd2 33.
Rxd2 Bc6 34. Ke3 Bxe4 35. Kxe4 Rb8 36. Kf4 Rb4+ 37. Kg3 Rb3+ 38. Kg4 f5+ 39.
Kh4 Rb4+ 40. Kg3 e5 41. Rd5 Rb5 42. Rd2 Ke6 43. f3 Rb3 44. Re2 e4 45. Kh4 Rxf3
46. b3 Ke5 47. b4 Rb3 48. b5 axb5 49. Re3 Rb4 50. Rb3 0-1

[Event "BL 8788 Porz-Erlangen"]
[Site "?"]
[Date "1987.??.??"]
[Round "?.1"]
[White "Huenerkopf, H."]
[Black "Hort, V."]
[Result "0-1"]
[WhiteElo "2255"]
[BlackElo "2570"]
[PlyCount "44"]
[EventDate "1987.??.??"]

1. e4 c5 2. c3 e6 3. d4 d5 4. exd5 Qxd5 5. Nf3 Nf6 6. Bd3 Be7 7. O-O O-O 8. Qe2
Nc6 9. Rd1 Qh5 10. Bf4 cxd4 11. cxd4 Nb4 12. Nc3 b6 13. Qe5 Bb7 14. Be2 Rac8
15. Ng5 Qg6 16. Bf3 Bxf3 17. Nxf3 Nd3 18. Qe3 Nxb2 19. Ne5 Qf5 20. Rdc1 Nc4 21.
Nxc4 Rxc4 22. Bg3 Ba3 0-1

[Event "BL 8788 Porz-Erlangen"]
[Site "?"]
[Date "1987.??.??"]
[Round "?.3"]
[White "Ramos, D."]
[Black "Schoen, W."]
[Result "1/2-1/2"]
[WhiteElo "2310"]
[BlackElo "2445"]
[PlyCount "84"]
[EventDate "1987.??.??"]

1. d4 Nf6 2. Nf3 c5 3. c3 b6 4. Bg5 Bb7 5. Nbd2 d6 6. Bxf6 gxf6 7. e3 e6 8. Qb3
Nd7 9. dxc5 Bxf3 10. Nxf3 bxc5 11. Bb5 Qc7 12. O-O Be7 13. Qa4 Rd8 14. Rfd1 Rg8
15. b4 Kf8 16. Bxd7 Qxd7 17. Qxd7 Rxd7 18. bxc5 d5 19. c4 Bxc5 20. cxd5 Ke7 21.
dxe6 Rxd1+ 22. Rxd1 fxe6 23. Kf1 Rb8 24. Ke2 Rb2+ 25. Rd2 Rb1 26. Rc2 Bb6 27.
Nd2 Rb5 28. Nc4 Rc5 29. g4 Bc7 30. h3 Kd7 31. f4 Rb5 32. Nd2 Bb6 33. Kf3 Ke7
34. h4 h6 35. h5 Rd5 36. Nc4 Rc5 37. a4 Rc8 38. Na3 Rd8 39. Ke4 Rg8 40. Kf3 Rd8
41. Ke4 Rg8 42. Kf3 Rd8 1/2-1/2

[Event "BL 8788 Porz-Erlangen"]
[Site "?"]
[Date "1987.??.??"]
[Round "?.4"]
[White "Fleck, J."]
[Black "Hartmann, W."]
[Result "1/2-1/2"]
[WhiteElo "2385"]
[BlackElo "2300"]
[PlyCount "38"]
[EventDate "1987.??.??"]

1. e4 c5 2. Nf3 d6 3. d4 cxd4 4. Nxd4 Nf6 5. Nc3 Nc6 6. Be3 e5 7. Ndb5 a6 8.
Na3 b5 9. Nd5 Rb8 10. Nxf6+ Qxf6 11. Be2 Qg6 12. O-O Bh3 13. Bf3 Be7 14. Nb1
O-O 15. Nc3 Rfc8 16. Nd5 Bd8 17. c3 Ne7 18. Nxe7+ Bxe7 19. Qd2 Bd7 1/2-1/2

[Event "BL 8788 Porz-Erlangen"]
[Site "?"]
[Date "1987.??.??"]
[Round "?.7"]
[White "Seyb, D."]
[Black "Gerusel, M."]
[Result "1/2-1/2"]
[WhiteElo "2300"]
[BlackElo "2380"]
[PlyCount "59"]
[EventDate "1987.??.??"]

1. e4 c5 2. c3 d5 3. exd5 Qxd5 4. d4 Nf6 5. Nf3 Bg4 6. Be2 e6 7. O-O Nc6 8. h3
Bh5 9. Be3 cxd4 10. cxd4 Be7 11. Nc3 Qd6 12. Qb3 O-O 13. Rfd1 Nb4 14. Bg5 Nbd5
15. g4 Bg6 16. Ne5 h6 17. Nxg6 fxg6 18. Bxf6 Bxf6 19. Nxd5 exd5 20. Bf3 Rad8
21. Kg2 Bh4 22. Rd2 Rf4 23. Re1 Bf6 24. Qxb7 Rxf3 25. Kxf3 Qh2 26. Ke2 Re8+ 27.
Kd1 Rxe1+ 28. Kxe1 Qh1+ 29. Ke2 Qe4+ 30. Kf1 1/2-1/2

[Event "BL 8788 Wattenscheid-Bamberg"]
[Site "?"]
[Date "1987.??.??"]
[Round "?.3"]
[White "Hartmann, G."]
[Black "Buchenthal, D."]
[Result "1-0"]
[WhiteElo "2330"]
[BlackElo "2280"]
[PlyCount "98"]
[EventDate "1987.??.??"]

1. e4 c6 2. d4 d5 3. Nc3 g6 4. h3 Bg7 5. Nf3 Nf6 6. Bd3 b6 7. O-O dxe4 8. Nxe4
O-O 9. Nxf6+ exf6 10. Bf4 Na6 11. c3 Nc7 12. Re1 Nd5 13. Bd2 Be6 14. c4 Ne7 15.
Bc3 Qd7 16. Qa4 Rfd8 17. Rad1 Rab8 18. Qc2 Kh8 19. b3 Qb7 20. Qc1 Rd7 21. Qf4
g5 22. Qc1 Qc8 23. Qc2 h6 24. Re3 Ng8 25. Rde1 Rd8 26. Qe2 Bf5 27. Qc2 Bxd3 28.
Qxd3 Rb7 29. Nd2 f5 30. Nf1 f4 31. Re4 Qf5 32. Qf3 Qg6 33. h4 Rbd7 34. h5 Qd6
35. Nd2 Nf6 36. Re5 Ng8 37. R5e4 Qa3 38. R4e2 Bxd4 39. Ne4 Qf8 40. g3 Qg7 41.
gxf4 g4 42. Qg3 Ne7 43. Bxd4 Rxd4 44. Qc3 Nf5 45. Ng3 Nh4 46. Re8+ Rxe8 47.
Rxe8+ Kh7 48. Qc2+ f5 49. Nxf5 Nf3+ 1-0

[Event "BL 8788 Wattenscheid-Bamberg"]
[Site "?"]
[Date "1987.??.??"]
[Round "?.6"]
[White "Franke, J."]
[Black "Niedermaier, H."]
[Result "1/2-1/2"]
[WhiteElo "2220"]
[BlackElo "2230"]
[PlyCount "42"]
[EventDate "1987.??.??"]

1. e4 c5 2. Nc3 e6 3. g3 d5 4. Bg2 d4 5. Nce2 Nf6 6. d3 b6 7. f4 Bb7 8. Nf3 Nc6
9. h3 h5 10. O-O Be7 11. c4 dxc3 12. bxc3 Qd7 13. Ne5 Qc7 14. Qc2 Rd8 15. Nxc6
Bxc6 16. c4 Qd7 17. e5 Bxg2 18. Kxg2 Ng8 19. Rf3 Nh6 20. a4 Nf5 21. a5 O-O
1/2-1/2

[Event "BL 8788 Lasker-Bayern"]
[Site "?"]
[Date "1987.??.??"]
[Round "?.2"]
[White "Heyken, E."]
[Black "Kindermann, S."]
[Result "0-1"]
[WhiteElo "2305"]
[BlackElo "2490"]
[PlyCount "82"]
[EventDate "1987.??.??"]

1. d4 Nf6 2. Nf3 e6 3. e3 c5 4. Bd3 b6 5. O-O Bb7 6. Nbd2 Nc6 7. c3 Be7 8. Qe2
O-O 9. a3 d5 10. b4 Qc7 11. dxc5 bxc5 12. b5 Ne5 13. Nxe5 Qxe5 14. Bb2 c4 15.
Bc2 a6 16. a4 axb5 17. axb5 Qc7 18. Nf3 Qb6 19. Nd4 e5 20. Nf5 Bc5 21. Ba4 Ra5
22. Ra2 Rfa8 23. Rfa1 Bc8 24. Nh4 Bd7 25. Bc1 Ne4 26. Qc2 Bxb5 27. Bxb5 Qxb5
28. Rxa5 Rxa5 29. Rb1 Qe8 30. f3 Nf6 31. Kf1 g6 32. e4 dxe4 33. fxe4 Qa8 34.
Nf3 Nxe4 35. Bh6 Bf8 36. Bxf8 Kxf8 37. Re1 Ra1 38. Nxe5 Rxe1+ 39. Kxe1 Qa1+ 40.
Ke2 Nxc3+ 41. Kf3 Qf1+ 0-1

[Event "BL 8788 Lasker-Bayern"]
[Site "?"]
[Date "1987.??.??"]
[Round "?.3"]
[White "Bischoff, K."]
[Black "Paulsen, D."]
[Result "1-0"]
[WhiteElo "2460"]
[BlackElo "2340"]
[PlyCount "37"]
[EventDate "1987.??.??"]

1. Nf3 d6 2. d4 Bg4 3. e4 Nf6 4. Nc3 Nc6 5. Be3 g6 6. Bb5 Bg7 7. h3 Bxf3 8.
Qxf3 Nd7 9. O-O-O e5 10. d5 Ne7 11. g4 a6 12. Be2 O-O 13. Qg2 f5 14. gxf5 gxf5
15. Rdg1 Ng6 16. h4 f4 17. Bd2 Qf6 18. Bg4 Rf7 19. Bxd7 1-0

[Event "BL 8788 Lasker-Bayern"]
[Site "?"]
[Date "1987.??.??"]
[Round "?.4"]
[White "Schacht, H."]
[Black "Hickl, J."]
[Result "0-1"]
[WhiteElo "2310"]
[BlackElo "2455"]
[PlyCount "92"]
[EventDate "1987.??.??"]

1. d4 Nf6 2. c4 c5 3. d5 e5 4. Nc3 d6 5. e4 Be7 6. Nf3 O-O 7. Bd3 Nbd7 8. h3 a6
9. g4 Ne8 10. Qe2 g6 11. Bh6 Ng7 12. O-O-O Nf6 13. Rdg1 Kh8 14. Nd2 Ng8 15. Be3
Bg5 16. h4 Bxe3 17. fxe3 Bd7 18. g5 f6 19. Nf1 Nh5 20. Qd1 b5 21. Be2 Qe8 22.
Ng3 Nxg3 23. Rxg3 fxg5 24. Rxg5 Nf6 25. h5 gxh5 26. Bxh5 Qe7 27. Bg6 Rg8 28.
Rgg1 Rg7 29. Bf5 b4 30. Ne2 Bxf5 31. exf5 Rag8 32. Rxg7 Qxg7 33. Rg1 Qh6 34.
Rxg8+ Kxg8 35. Qg1+ Kf7 36. Kc2 Qh4 37. Kb3 a5 38. Ng3 a4+ 39. Kxa4 Qxc4 40. a3
b3+ 41. Ka5 Qxd5 42. Qh2 c4+ 43. Kb4 Qc5+ 44. Ka4 Qc6+ 45. Ka5 c3 46. Nh5 Nd7
0-1

[Event "BL 8788 Lasker-Bayern"]
[Site "?"]
[Date "1987.??.??"]
[Round "?.5"]
[White "Hecht, H."]
[Black "Junge, R."]
[Result "1/2-1/2"]
[WhiteElo "2445"]
[BlackElo "2315"]
[PlyCount "31"]
[EventDate "1987.??.??"]

1. e4 e6 2. d4 d5 3. Nd2 c5 4. exd5 exd5 5. Bb5+ Bd7 6. Qe2+ Be7 7. Bxd7+ Nxd7
8. dxc5 Ngf6 9. Nb3 O-O 10. Be3 Re8 11. Nf3 Nxc5 12. O-O Nxb3 13. axb3 Bc5 14.
Qd3 Bxe3 15. fxe3 Qe7 16. Rfe1 1/2-1/2

[Event "BL 8788 Lasker-Bayern"]
[Site "?"]
[Date "1987.??.??"]
[Round "?.5"]
[White "Breutigam, M."]
[Black "Hertneck, G."]
[Result "0-1"]
[WhiteElo "2320"]
[BlackElo "2450"]
[PlyCount "60"]
[EventDate "1987.??.??"]

1. d4 Nf6 2. c4 c5 3. e3 g6 4. Nf3 Bg7 5. Nc3 O-O 6. Be2 d5 7. O-O dxc4 8. Bxc4
Nbd7 9. Qe2 a6 10. a4 cxd4 11. exd4 Nb6 12. Ba2 Nbd5 13. Bg5 Be6 14. Ne4 Nxe4
15. Qxe4 h6 16. Bd2 Qd6 17. Qh4 g5 18. Qe4 Rfd8 19. Ne5 Nc7 20. Qxb7 Rab8 21.
Qa7 Bxa2 22. Rxa2 Qd5 23. Qxc7 Bxe5 24. Qxe5 Qxa2 25. Ba5 Rdc8 26. Qxe7 Rxb2
27. h4 Qxa4 28. Bc7 Rb7 29. Rc1 Qxd4 30. Rc6 Rb1+ 0-1

[Event "BL 8788 Zehlendorf-München 36"]
[Site "?"]
[Date "1987.??.??"]
[Round "?.1"]
[White "Smejkal, J."]
[Black "Pritchett, C."]
[Result "1-0"]
[WhiteElo "2515"]
[BlackElo "2385"]
[PlyCount "93"]
[EventDate "1987.??.??"]

1. c4 Nf6 2. Nc3 c5 3. Nf3 e6 4. g3 b6 5. e4 Bb7 6. d3 d6 7. Bg2 Be7 8. O-O O-O
9. b3 a6 10. Bb2 Nbd7 11. Qe2 Qc7 12. d4 cxd4 13. Nxd4 Rfe8 14. Rae1 Bf8 15.
Qd1 Rad8 16. Re2 g6 17. Qa1 Qb8 18. Rd1 Ba8 19. h3 Bg7 20. Red2 Nc5 21. Qb1 e5
22. Nde2 Bh6 23. Bc1 Bxd2 24. Bxd2 b5 25. Bg5 Kg7 26. Nd5 Bxd5 27. cxd5 Rc8 28.
g4 Ncd7 29. Ng3 Qc7 30. Rc1 Qb6 31. Be3 Qb7 32. Qb2 Ng8 33. h4 Rxc1+ 34. Qxc1
Rc8 35. Qd2 Qc7 36. Qb4 Nc5 37. Bf1 Qd7 38. Be2 Qd8 39. g5 h6 40. Kg2 hxg5 41.
hxg5 Ne7 42. Bg4 Rc7 43. Qa5 Qb8 44. Qb4 Qb6 45. Qe1 Nd3 46. Qh1 Ng8 47. Bxb6
1-0

[Event "BL 8788 Zehlendorf-München 36"]
[Site "?"]
[Date "1987.??.??"]
[Round "?.2"]
[White "Wockenfuss, K."]
[Black "Nikolac, J."]
[Result "0-1"]
[WhiteElo "2415"]
[BlackElo "2470"]
[PlyCount "94"]
[EventDate "1987.??.??"]

1. d4 Nf6 2. Nc3 d5 3. Bg5 c5 4. e3 Nc6 5. Nf3 Bg4 6. dxc5 e6 7. Na4 Qa5+ 8. c3
Ne4 9. Qb3 Nxc5 10. Nxc5 Qxc5 11. Nd4 Qb6 12. Qxb6 axb6 13. h3 Bh5 14. Nb5 Rc8
15. Bf4 e5 16. Bh2 f6 17. Be2 Bxe2 18. Kxe2 Kf7 19. Rad1 Ke6 20. f4 Be7 21.
Rhf1 Rhd8 22. Bg1 e4 23. f5+ Kf7 24. Bh2 Rd7 25. b3 g6 26. Rd2 Rg8 27. g4 h5
28. Bf4 hxg4 29. hxg4 gxf5 30. gxf5 Rg2+ 31. Rf2 Rxf2+ 32. Kxf2 Ne5 33. Bxe5
fxe5 34. c4 d4 35. Rd1 Kf6 36. Rh1 Kxf5 37. Ke2 Bg5 38. Rf1+ Ke6 39. Rg1 Bxe3
40. Rg6+ Kf5 41. Rxb6 Rh7 42. Rxb7 Rh2+ 43. Kf1 d3 44. Rd7 Kg4 45. Nc3 Kf3 46.
Rf7+ Bf4 47. Kg1 Rc2 0-1

[Event "BL 8788 Zehlendorf-München 36"]
[Site "?"]
[Date "1987.??.??"]
[Round "?.3"]
[White "Bastian, H."]
[Black "Cladouras, P."]
[Result "0-1"]
[WhiteElo "2335"]
[BlackElo "2365"]
[PlyCount "56"]
[EventDate "1987.??.??"]

1. e4 c5 2. Nc3 a6 3. g3 b5 4. Bg2 Bb7 5. Nge2 e6 6. a3 Nf6 7. d3 Be7 8. O-O d5
9. exd5 Nxd5 10. Ne4 Qd7 11. c4 Nf6 12. cxb5 axb5 13. Be3 Na6 14. Rc1 O-O 15.
Qb3 c4 16. Nxf6+ Bxf6 17. dxc4 Bxg2 18. Kxg2 bxc4 19. Rxc4 Qd5+ 20. Kg1 Rfb8
21. Qc2 Bxb2 22. Rd1 Qa5 23. Ba7 Re8 24. Rd7 Bxa3 25. Rh4 h6 26. Rg4 Qf5 27.
Qxf5 exf5 28. Ra4 Nc5 0-1